[Event "Oberliga Nord O 1920"]
[Site "Germany"]
[Date "2020.01.18"]
[Round "6.4"]
[White "Van der Veen, Terry"]
[Black "Lorenz, Sascha"]
[Result "0-1"]
[WhiteElo "2092"]
[BlackElo "2254"]
[PlyCount "76"]
[EventDate "2019.09.29"]
[EventType "team-tourn"]
[EventRounds "9"]
[EventCountry "GER"]
[SourceTitle "CBM 195 Extra"]
[Source "ChessBase"]
[SourceDate "2020.05.31"]
[SourceVersion "1"]
[SourceVersionDate "2020.05.31"]
[SourceQuality "1"]

1. e4 d5 2. exd5 Nf6 3. d4 Bg4 4. Nf3 Qxd5 5. Nc3 Qh5 6. Bf4 Bxf3 7. gxf3 c6 8. Bd3 Nbd7 9. Ne4 Qa5+ 10. c3 Nxe4 11. fxe4 e5 12. dxe5 Nxe5 13. Be2 Rd8 14. Qc2 Be7 15. Rg1 Ng6 16. Be3 Qe5 17. Bd4 Qf4 18. Rg4 Qh6 19. h4 Bxh4 20. Be3 Qxe3 21. Rxh4 Qg5 22. Rh5 Qg1+ 23. Bf1 0-0 24. Rh3 Rfe8 25. Re3 Nf4 26. Rf3 Ng2+ 27. Ke2 Nh4 28. Rh3 Ng6 29. Re3 Nf4+ 30. Kf3 g5 31. e5 Qh1+ 32. Kg4 Qh5+ 33. Kg3 Qh4+ 34. Kf3 Ng6 35. Qf5 Rxe5 36. Rxe5 Qh1+ 37. Kg3 Qg1+ 38. Bg2 Qxg2+ 0-1

[Event "Oberliga Nord O 1920"]
[Site "Germany"]
[Date "2019.11.24"]
[Round "3.4"]
[White "Lorenz, Sascha"]
[Black "Skibbe, Willi"]
[Result "1-0"]
[WhiteElo "2254"]
[BlackElo "2223"]
[PlyCount "161"]
[EventDate "2019.09.29"]
[EventType "team-tourn"]
[EventRounds "9"]
[EventCountry "GER"]
[SourceTitle "CBM 195 Extra"]
[Source "ChessBase"]
[SourceDate "2020.05.31"]
[SourceVersion "1"]
[SourceVersionDate "2020.05.31"]
[SourceQuality "1"]

1. c4 f5 2. Nf3 Nf6 3. g3 g6 4. Bg2 Bg7 5. 0-0 0-0 6. Nc3 d6 7. d3 Nc6 8. Rb1 a5 9. a3 Nh5 10. Nd5 e6 11. Nf4 Nf6 12. b4 axb4 13. axb4 Qe8 14. b5 Nd8 15. Qc2 c6 16. bxc6 bxc6 17. c5 e5 18. Nh3 d5 19. Bb2 e4 20. Nd4 h6 21. f3 e3 22. f4 Ng4 23. Qb3 Rf7 24. Ra1 Rxa1 25. Bxa1 Rb7 26. Qa2 Kh7 27. Rb1 Qe7 28. Rxb7 Qxb7 29. Bc3 Ne6 30. Qa1 Nxc5 31. Nxc6 Nb3 32. Qb2 Qxc6 33. Bxg7 Qc1+ 34. Qxc1 Nxc1 35. Bb2 Na2 36. Bxd5 Nb4 37. Bf3 Be6 38. Kg2 Kg8 39. Ng1 Nc2 40. h3 Nf2 41. Bc3 g5 42. fxg5 hxg5 43. g4 Kf7 44. gxf5 Bxf5 45. Bd5+ Kg6 46. Bb3 Nxd3 47. exd3 Bxd3 48. Nf3 Be4 49. Kg3 e2 50. Bxc2 Bxc2 51. Kf2 Kh5 52. Bf6 g4 53. Ne1 Ba4 54. h4 Bb5 55. Ng2 Kg6 56. Bc3 Kf5 57. Kg3 Bd7 58. Ne3+ Kg6 59. Nxg4 Bb5 60. Ne3 Bd7 61. Ng2 Bb5 62. Bd2 Ba6 63. Nf4+ Kf5 64. Kf3 Bb7+ 65. Ke3 Kg4 66. Be1 Bc6 67. Nxe2 Be8 68. Nf4 Bf7 69. Ke4 Be8 70. Ke5 Ba4 71. Nd5 Kh5 72. Nf6+ Kg6 73. h5+ Kg7 74. Bd2 Bc2 75. Ne4 Bd1 76. h6+ Kg6 77. Ke6 Kh7 78. Kf7 Bb3+ 79. Kf8 Bc2 80. Nf6+ Kh8 81. h7 1-0

[Event "Oberliga Nord O 1819"]
[Site "Germany"]
[Date "2019.02.03"]
[Round "6.8"]
[White "Puhlmann, Rainer"]
[Black "Lorenz, Sascha"]
[Result "1/2-1/2"]
[WhiteElo "2080"]
[BlackElo "2239"]
[PlyCount "20"]
[EventDate "2018.10.21"]
[EventType "team-tourn"]
[EventRounds "9"]
[EventCountry "GER"]
[SourceTitle "EXT 2020"]
[Source "ChessBase"]
[SourceDate "2019.10.17"]
[SourceVersion "1"]
[SourceVersionDate "2019.10.17"]
[SourceQuality "1"]
[WhiteTeam "Potsdam Empor"]
[BlackTeam "Koenig Tegel II"]
[WhiteTeamCountry "GER"]
[BlackTeamCountry "GER"]

1. Nf3 d5 2. c4 d4 3. e3 Nc6 4. exd4 Nxd4 5. Nxd4 Qxd4 6. Nc3 c6 7. Be2 Nh6 8. d3 Nf5 9. 0-0 e5 10. Ne4 Be7 1/2-1/2

[Event "Oberliga Nord O 1819"]
[Site "Germany"]
[Date "2018.11.25"]
[Round "3.7"]
[White "Lorenz, Sascha"]
[Black "Venske, Kai Gerrit"]
[Result "1-0"]
[WhiteElo "2239"]
[BlackElo "2172"]
[PlyCount "117"]
[EventDate "2018.10.21"]
[EventType "team-tourn"]
[EventRounds "9"]
[EventCountry "GER"]
[SourceTitle "EXT 2020"]
[Source "ChessBase"]
[SourceDate "2019.10.17"]
[SourceVersion "1"]
[SourceVersionDate "2019.10.17"]
[SourceQuality "1"]
[WhiteTeam "Koenig Tegel II"]
[BlackTeam "Berlin Weisse Dame"]
[WhiteTeamCountry "GER"]
[BlackTeamCountry "GER"]

1. Nf3 f5 2. d3 d6 3. e4 e5 4. Nc3 Nf6 5. exf5 Bxf5 6. d4 Nbd7 7. dxe5 dxe5 8. Bc4 Nb6 9. Qxd8+ Rxd8 10. Bb3 Bd6 11. 0-0 Kd7 12. Be3 Rde8 13. h3 Ne4 14. Nxe4 Bxe4 15. Nd2 Bf5 16. Rfd1 Kc8 17. a4 Nd7 18. Nc4 Bc5 19. Rxd7 Bxe3 20. Rf7 Be6 21. Nxe3 Bxf7 22. Bxf7 Rd8 23. Nc4 e4 24. Re1 Rhf8 25. Be6+ Kb8 26. g3 Rfe8 27. Rxe4 g6 28. Re3 Rd4 29. b3 c6 30. a5 Kc7 31. Kg2 b5 32. axb6+ axb6 33. h4 b5 34. Bh3 Rxe3 35. Nxe3 Kd6 36. h5 Rd2 37. Kf1 Ke7 38. Bg2 Rd6 39. Ke2 Re6 40. hxg6 hxg6 41. f4 Kd6 42. Bh3 Re8 43. g4 Kc5 44. Kd3 Rd8+ 45. Kc3 b4+ 46. Kb2 Rh8 47. Bg2 Re8 48. Nc4 Re2 49. Bf3 Rf2 50. Ne5 Kd6 51. Kc1 c5 52. g5 c4 53. bxc4 Rf1+ 54. Kb2 Kc5 55. Bd5 Kd4 56. Nxg6 Rg1 57. Ne5 Ke3 58. Nd3 Rg4 59. Bf7 1-0

[Event "Oberliga Nord O 1718"]
[Site "Germany"]
[Date "2018.03.18"]
[Round "8.3"]
[White "Meissner, Hans Juergen"]
[Black "Lorenz, Sascha"]
[Result "0-1"]
[WhiteElo "2286"]
[BlackElo "2229"]
[PlyCount "62"]
[EventDate "2017.10.08"]
[EventType "team-tourn"]
[EventRounds "9"]
[EventCountry "GER"]
[SourceTitle "EXT 2019"]
[Source "ChessBase"]
[SourceDate "2018.10.10"]
[SourceVersion "1"]
[SourceVersionDate "2018.10.10"]
[SourceQuality "1"]
[WhiteTeam "Berlin Empor"]
[BlackTeam "Berlin Tegel II"]
[WhiteTeamCountry "GER"]
[BlackTeamCountry "GER"]

1. d4 d5 2. c4 dxc4 3. Nf3 Nf6 4. e3 b5 5. a4 b4 6. Bxc4 e6 7. 0-0 Bb7 8. Bb5+ Nbd7 9. Nbd2 a6 10. Bc4 c5 11. b3 cxd4 12. Nxd4 Nc5 13. Bb2 Bd6 14. Qe2 0-0 15. Rfd1 Qc7 16. Nf1 Rfe8 17. Rac1 e5 18. Nf5 Bf8 19. f3 g6 20. N5g3 Qb6 21. Nh1 a5 22. Nf2 Ba6 23. Bxa6 Qxa6 24. Qxa6 Rxa6 25. Nd2 Rae6 26. Kf1 Rd8 27. Rc2 Nfd7 28. Ke2 f5 29. Rb1 Rc6 30. Ba1 Rdc8 31. Rbc1 Nxb3 0-1

[Event "Berlin Lichtenrade op 13th"]
[Site "Berlin"]
[Date "2017.11.05"]
[Round "9"]
[White "Biriukov, Nikolai"]
[Black "Lorenz, Sascha"]
[Result "1-0"]
[WhiteElo "2400"]
[BlackElo "2219"]
[PlyCount "45"]
[EventDate "2017.10.28"]
[EventType "swiss"]
[EventRounds "9"]
[EventCountry "GER"]
[SourceTitle "CBM 181 Extra"]
[Source "ChessBase"]
[SourceDate "2017.12.12"]
[SourceVersion "1"]
[SourceVersionDate "2017.12.12"]
[SourceQuality "1"]

1. c4 e5 2. Nc3 Nf6 3. g3 Bb4 4. Bg2 0-0 5. Nf3 Re8 6. 0-0 h6 7. d3 c6 8. a3 Bxc3 9. bxc3 d5 10. Nd2 e4 11. cxd5 exd3 12. exd3 cxd5 13. h3 Nc6 14. Nf3 Qa5 15. Bb2 Be6 16. Qd2 Nd7 17. Rad1 Qa4 18. g4 Nc5 19. c4 dxc4 20. g5 Qb3 21. gxh6 Na4 22. Qg5 Qxb2 23. d4 1-0

[Event "Berlin Lichtenrade op 13th"]
[Site "Berlin"]
[Date "2017.11.04"]
[Round "8"]
[White "Lorenz, Sascha"]
[Black "Danin, Alexandre"]
[Result "0-1"]
[WhiteElo "2219"]
[BlackElo "2554"]
[PlyCount "114"]
[EventDate "2017.10.28"]
[EventType "swiss"]
[EventRounds "9"]
[EventCountry "GER"]
[SourceTitle "CBM 181 Extra"]
[Source "ChessBase"]
[SourceDate "2017.12.12"]
[SourceVersion "1"]
[SourceVersionDate "2017.12.12"]
[SourceQuality "1"]

1. c4 c5 2. Nf3 Nf6 3. Nc3 b6 4. e3 Bb7 5. d4 cxd4 6. exd4 e6 7. Bd3 Be7 8. 0-0 0-0 9. d5 Bb4 10. Ne4 h6 11. a3 Bc5 12. Bc2 Nxe4 13. Bxe4 a5 14. Re1 Re8 15. dxe6 Bxe4 16. exf7+ Kxf7 17. Rxe4 Rxe4 18. Qd5+ Re6 19. Qxa8 Qf6 20. Be3 Qxb2 21. Rd1 Qc2 22. Rc1 Qe4 23. Qxe4 Rxe4 24. Bxc5 bxc5 25. Nd2 Re5 26. f4 Re3 27. Rb1 Nc6 28. Rb7 Ke6 29. a4 Nd4 30. Kf1 g5 31. fxg5 hxg5 32. h3 Kd6 33. Rb6+ Nc6 34. Rb7 Nd4 35. Rb6+ Nc6 36. Rb7 Ke7 37. Kf2 Rc3 38. Rb5 Ne5 39. Rxa5 Rc2 40. Ke1 Rxd2 41. Rxc5 Nd3+ 42. Kxd2 Nxc5 43. Ke3 Nxa4 44. Kd4 Kd6 45. g3 Nc5 46. h4 Ne6+ 47. Ke4 gxh4 48. gxh4 Ng7 49. Kf4 Ke6 50. Kg5 Kf7 51. Kf4 Kf6 52. Ke4 Ke6 53. Kf4 d6 54. Kg5 Nf5 55. h5 Ne3 56. h6 Nxc4 57. h7 Ne5 0-1

[Event "Berlin Lichtenrade op 13th"]
[Site "Berlin"]
[Date "2017.11.01"]
[Round "5"]
[White "Heinig, Wolfram"]
[Black "Lorenz, Sascha"]
[Result "1-0"]
[WhiteElo "2311"]
[BlackElo "2219"]
[PlyCount "87"]
[EventDate "2017.10.28"]
[EventType "swiss"]
[EventRounds "9"]
[EventCountry "GER"]
[SourceTitle "CBM 181 Extra"]
[Source "ChessBase"]
[SourceDate "2017.12.12"]
[SourceVersion "1"]
[SourceVersionDate "2017.12.12"]
[SourceQuality "1"]

1. Nf3 d5 2. c4 d4 3. e3 Nc6 4. b4 Nxb4 5. exd4 e5 6. a3 e4 7. axb4 exf3 8. Qxf3 Qxd4 9. Ra3 Qf6 10. Re3+ Be7 11. Qg3 Nh6 12. Bd3 0-0 13. c5 Nf5 14. Bxf5 Bxf5 15. Qxc7 Bxc5 16. bxc5 Bxb1 17. Qxb7 Rfb8 18. Qc7 Qa6 19. f3 Rc8 20. Qe5 Bg6 21. Kf2 f6 22. Qc3 Qc6 23. Ba3 Rd8 24. Bb4 Rd5 25. Ra1 a6 26. Re7 Bf7 27. d4 Rad8 28. Ba5 R8d7 29. Rxd7 Rxd7 30. Bb6 Bd5 31. Rxa6 Re7 32. Bd8 Qxa6 33. Bxe7 Qa2+ 34. Kg3 Bc6 35. Bd6 Bb5 36. Qe3 h5 37. h4 Bc6 38. Qf2 Qd5 39. Qd2 Qf5 40. Qa2+ Kh7 41. Qf7 Bd5 42. Qe8 Bc4 43. Qe4 Qg6+ 44. Kf4 1-0

[Event "Oberliga Nord O 1516"]
[Site "Germany"]
[Date "2015.12.13"]
[Round "4.6"]
[White "Gropp, Andreas"]
[Black "Lorenz, Sascha"]
[Result "0-1"]
[WhiteElo "2202"]
[BlackElo "2241"]
[PlyCount "52"]
[EventDate "2015.09.20"]
[EventType "team-tourn"]
[EventRounds "9"]
[EventCountry "GER"]
[SourceTitle "CBM 170 Extra"]
[Source "ChessBase"]
[SourceDate "2016.02.25"]
[SourceVersion "1"]
[SourceVersionDate "2016.02.25"]
[SourceQuality "1"]
[WhiteTeam "Neuruppin"]
[BlackTeam "Koenig Tegel"]
[WhiteTeamCountry "GER"]
[BlackTeamCountry "GER"]

1. c4 g6 2. g3 Bg7 3. Bg2 d6 4. Nc3 e5 5. e3 Ne7 6. Nge2 Nbc6 7. 0-0 h5 8. f4 h4 9. d4 hxg3 10. hxg3 exd4 11. exd4 Bg4 12. Qd3 Nf5 13. Re1 Kf8 14. Bxc6 bxc6 15. Be3 Rb8 16. b3 d5 17. cxd5 cxd5 18. Bf2 Bf6 19. Kg2 Bh3+ 20. Kf3 Qd7 21. Ng1 Kg7 22. Nxh3 Rxh3 23. Rh1 Rbh8 24. Rxh3 Rxh3 25. Kg2 Nh4+ 26. Kg1 Rh1+ 0-1

[Event "Bayern-chI Bank Hofmann 19th"]
[Site "Bad Wiessee"]
[Date "2015.11.06"]
[Round "7"]
[White "Wenner, Tobias"]
[Black "Lorenz, Sascha"]
[Result "0-1"]
[WhiteElo "2117"]
[BlackElo "2238"]
[PlyCount "66"]
[EventDate "2015.10.31"]
[EventType "swiss"]
[EventRounds "9"]
[EventCountry "GER"]
[SourceTitle "EXT 2017"]
[Source "ChessBase"]
[SourceDate "2016.10.25"]
[SourceVersion "1"]
[SourceVersionDate "2016.10.25"]
[SourceQuality "1"]

1. Nf3 d5 2. c4 d4 3. g3 Nc6 4. Bg2 e5 5. d3 Bb4+ 6. Bd2 a5 7. 0-0 Nf6 8. Bg5 h6 9. Bxf6 Qxf6 10. Nbd2 Qd8 11. a3 Be7 12. Qc2 0-0 13. e3 dxe3 14. fxe3 Bc5 15. Rae1 Bf5 16. Nxe5 Nxe5 17. Rxf5 Qxd3 18. Qxd3 Nxd3 19. Re2 c6 20. Nb3 Bb6 21. Be4 g6 22. Rf1 Rad8 23. Rd1 Ne5 24. Rxd8 Rxd8 25. c5 a4 26. cxb6 axb3 27. Kf2 Nc4 28. Ke1 Nxb6 29. Bf3 Nc4 30. e4 Kf8 31. e5 Ke7 32. Be4 Ke6 33. Bb1 Rd5 0-1

[Event "Bayern-chI Bank Hofmann 19th"]
[Site "Bad Wiessee"]
[Date "2015.11.05"]
[Round "6"]
[White "Lorenz, Sascha"]
[Black "Eingorn, Vereslav S"]
[Result "0-1"]
[WhiteElo "2238"]
[BlackElo "2525"]
[PlyCount "55"]
[EventDate "2015.10.31"]
[EventType "swiss"]
[EventRounds "9"]
[EventCountry "GER"]
[SourceTitle "CBM 169 Extra"]
[Source "ChessBase"]
[SourceDate "2015.12.18"]
[SourceVersion "1"]
[SourceVersionDate "2015.12.18"]
[SourceQuality "1"]

1. f4 d5 2. Nf3 g6 3. g3 Bg7 4. Bg2 c6 5. Nc3 Nh6 6. e3 Bg4 7. h3 Bxf3 8. Qxf3 Nf5 9. d4 e6 10. Bd2 Nd7 11. Qf2 c5 12. dxc5 Nxc5 13. g4 Nd6 14. 0-0 0-0 15. Rad1 Rc8 16. Qe1 f5 17. Bc1 Qa5 18. Bd2 Qa6 19. b3 b5 20. a3 Rf7 21. Kh2 Nce4 22. Nxe4 Nxe4 23. Bxe4 fxe4 24. Bb4 Rxc2+ 25. Rf2 Rxf2+ 26. Qxf2 Qc6 27. Rd2 Qb6 28. Qf1 0-1

[Event "Berlin Lichtenberger op 14th"]
[Site "Berlin"]
[Date "2015.08.20"]
[Round "6"]
[White "Lorenz, Sascha"]
[Black "Hamann, Carsten"]
[Result "1-0"]
[WhiteElo "2222"]
[BlackElo "2116"]
[PlyCount "81"]
[EventDate "2015.08.15"]
[EventType "swiss"]
[EventRounds "9"]
[EventCountry "GER"]
[SourceTitle "EXT 2016"]
[Source "ChessBase"]
[SourceDate "2015.10.08"]
[SourceVersion "1"]
[SourceVersionDate "2015.10.08"]
[SourceQuality "1"]

1. f4 Nf6 2. Nf3 d6 3. d3 e5 4. e4 exf4 5. Bxf4 Nc6 6. Be2 Be7 7. 0-0 0-0 8. h3 d5 9. e5 Nd7 10. d4 Nb6 11. c3 Bf5 12. Bd3 Qd7 13. a4 a5 14. b3 Nd8 15. Be3 Bxd3 16. Qxd3 Ne6 17. Na3 Rac8 18. Qd2 c6 19. Nc2 Na8 20. Qe1 Nac7 21. Bd2 c5 22. Qg3 Kh8 23. Nh4 Bxh4 24. Qxh4 Qd8 25. Qg4 f6 26. Rae1 fxe5 27. Rxf8+ Qxf8 28. Rxe5 Re8 29. Ne3 Qf6 30. Nxd5 Nxd5 31. Rxd5 cxd4 32. cxd4 Rf8 33. Bxa5 Nf4 34. Rd7 h5 35. Qf3 Qe6 36. Rd8 Rxd8 37. Bxd8 Qe1+ 38. Kh2 Ne2 39. Qxh5+ Kg8 40. Qe8+ Kh7 41. Qe3 1-0

[Event "Berlin Lichtenberger op 14th"]
[Site "Berlin"]
[Date "2015.08.19"]
[Round "5"]
[White "Malek, Daniel"]
[Black "Lorenz, Sascha"]
[Result "1-0"]
[WhiteElo "2398"]
[BlackElo "2222"]
[PlyCount "97"]
[EventDate "2015.08.15"]
[EventType "swiss"]
[EventRounds "9"]
[EventCountry "GER"]
[SourceTitle "EXT 2016"]
[Source "ChessBase"]
[SourceDate "2015.10.08"]
[SourceVersion "1"]
[SourceVersionDate "2015.10.08"]
[SourceQuality "1"]

1. d4 f5 2. g3 Nf6 3. Bg2 e6 4. c4 Be7 5. Nf3 0-0 6. 0-0 d6 7. b4 Qe8 8. Bb2 Ne4 9. Nbd2 Nxd2 10. Qxd2 Bf6 11. Rfe1 Qg6 12. Rac1 Bd7 13. b5 a6 14. a4 axb5 15. axb5 c6 16. bxc6 bxc6 17. Ra1 Na6 18. Ne5 Qe8 19. Nd3 Qb8 20. Bc3 d5 21. Rab1 Qa7 22. cxd5 cxd5 23. e3 Rfc8 24. Bf1 Be8 25. Rb2 Rab8 26. Ra1 Rxb2 27. Qxb2 Qc7 28. Rxa6 Qxc3 29. Qxc3 Rxc3 30. Rxe6 Bb5 31. Ne1 Ba4 32. Kg2 f4 33. gxf4 Bd7 34. Rd6 Bf5 35. Kg3 Rc1 36. Bd3 Bc8 37. Nf3 h5 38. h3 Rh1 39. Rxd5 Rxh3+ 40. Kg2 Bg4 41. Ng1 Rh4 42. f3 Bc8 43. Bg6 Bb7 44. Rb5 Rg4+ 45. Kh2 Rxg6 46. Rxb7 Bh4 47. Ne2 Ra6 48. Ng3 g6 49. Kh3 1-0

[Event "Berlin Lichtenberger op 14th"]
[Site "Berlin"]
[Date "2015.08.17"]
[Round "3"]
[White "Hoffmann, Andreas"]
[Black "Lorenz, Sascha"]
[Result "0-1"]
[WhiteElo "1988"]
[BlackElo "2222"]
[PlyCount "36"]
[EventDate "2015.08.15"]
[EventType "swiss"]
[EventRounds "9"]
[EventCountry "GER"]
[SourceTitle "EXT 2016"]
[Source "ChessBase"]
[SourceDate "2015.10.08"]
[SourceVersion "1"]
[SourceVersionDate "2015.10.08"]
[SourceQuality "1"]

1. e4 d5 2. exd5 Qxd5 3. Nf3 Nf6 4. d4 Bg4 5. Be2 e6 6. 0-0 c6 7. c4 Qd8 8. Qb3 Qc7 9. Be3 Nbd7 10. Nc3 Be7 11. Rfd1 0-0 12. Rac1 Rad8 13. Rd2 Rfe8 14. Rcd1 b6 15. Bg5 Bf5 16. Nh4 Ng4 17. Bxg4 Bxg5 18. Bxf5 exf5 0-1

[Event "Oberliga Nord O 1415"]
[Site "Germany"]
[Date "2015.02.22"]
[Round "7.8"]
[White "Lorenz, Sascha"]
[Black "Schuckar, Donald"]
[Result "1-0"]
[WhiteElo "2218"]
[BlackElo "1965"]
[PlyCount "46"]
[EventDate "2014.09.21"]
[EventType "team-tourn"]
[EventRounds "9"]
[EventCountry "GER"]
[SourceTitle "EXT 2016"]
[Source "ChessBase"]
[SourceDate "2015.10.08"]
[SourceVersion "1"]
[SourceVersionDate "2015.10.08"]
[SourceQuality "1"]
[WhiteTeam "Berlin Tegel II"]
[BlackTeam "Neuruppin"]
[WhiteTeamCountry "GER"]
[BlackTeamCountry "GER"]

1. c4 d6 2. g3 g6 3. Bg2 Bg7 4. Nc3 Nf6 5. e4 e5 6. d3 0-0 7. Nge2 Nc6 8. 0-0 Bd7 9. h3 Qc8 10. Kh2 h5 11. f4 Kh7 12. f5 gxf5 13. Bg5 Qd8 14. Qd2 Rh8 15. exf5 Qf8 16. Nd5 Nxd5 17. cxd5 Nd4 18. Nxd4 exd4 19. f6 Bh6 20. Rae1 Re8 21. Re7 Bc8 22. Be4+ Kg8 23. Bxh6 Rxh6 1-0

[Event "Berlin-ch"]
[Site "Berlin"]
[Date "2014.04.27"]
[Round "9"]
[White "Lorenz, Sascha"]
[Black "Kachibadze, Georg"]
[Result "1/2-1/2"]
[WhiteElo "2287"]
[BlackElo "2332"]
[PlyCount "84"]
[EventDate "2014.04.19"]
[EventType "swiss"]
[EventRounds "9"]
[EventCountry "GER"]
[SourceTitle "EXT 2015"]
[Source "ChessBase"]
[SourceDate "2014.11.20"]
[SourceVersion "1"]
[SourceVersionDate "2014.11.20"]
[SourceQuality "1"]

1. c4 e6 2. g3 d5 3. Nf3 Nf6 4. Bg2 Be7 5. 0-0 0-0 6. b3 b6 7. Bb2 Bb7 8. e3 c5 9. Qe2 dxc4 10. bxc4 Nc6 11. Rd1 Qc7 12. Nc3 a6 13. Rab1 Rab8 14. Ba1 Na5 15. d3 Nd7 16. Nd2 Bxg2 17. Kxg2 b5 18. f4 b4 19. Nce4 f5 20. Nf2 Bf6 21. d4 Nb6 22. Rbc1 Na4 23. Nb3 Nb7 24. Nd3 Rbd8 25. Kg1 a5 26. Ne5 Bxe5 27. fxe5 Nb6 28. Qf3 a4 29. Nd2 Na5 30. Qe2 Rc8 31. d5 exd5 32. cxd5 c4 33. d6 Qf7 34. Bd4 Nd7 35. Nf3 h6 36. Rf1 Qe6 37. Qc2 a3 38. Qa4 Nc6 39. Qb5 c3 40. Rf2 Rfe8 41. Qb7 Red8 42. Qb5 Re8 1/2-1/2

[Event "Berlin-ch"]
[Site "Berlin"]
[Date "2014.04.20"]
[Round "2"]
[White "Schmidek, Emil"]
[Black "Lorenz, Sascha"]
[Result "1/2-1/2"]
[WhiteElo "1918"]
[BlackElo "2287"]
[PlyCount "58"]
[EventDate "2014.04.19"]
[EventType "swiss"]
[EventRounds "9"]
[EventCountry "GER"]
[SourceTitle "EXT 2015"]
[Source "ChessBase"]
[SourceDate "2014.11.20"]
[SourceVersion "1"]
[SourceVersionDate "2014.11.20"]
[SourceQuality "1"]

1. e4 e5 2. Nf3 d6 3. d4 exd4 4. Nxd4 Nf6 5. Nc3 Be7 6. Be2 0-0 7. 0-0 Re8 8. h3 Bf8 9. Bd3 c6 10. Bg5 Nbd7 11. Kh1 Qb6 12. Nb3 a5 13. a4 Be7 14. Be3 Qc7 15. f4 b6 16. g4 Nc5 17. Nxc5 bxc5 18. g5 Nd7 19. Rg1 Bf8 20. Qe1 g6 21. Qg3 Bb7 22. Qf3 d5 23. Bf2 c4 24. Bf1 dxe4 25. Qg3 e3 26. Bxe3 Rxe3 27. Qxe3 Bc5 28. Qe2 Bxg1 29. Kxg1 Nb6 1/2-1/2

[Event "Oberliga Nord O 1314"]
[Site "Germany"]
[Date "2014.01.19"]
[Round "5.2"]
[White "Lorenz, Sascha"]
[Black "Dauth, Benjamin"]
[Result "1-0"]
[WhiteElo "2273"]
[BlackElo "2356"]
[PlyCount "95"]
[EventDate "2013.10.13"]
[EventType "team-tourn"]
[EventRounds "9"]
[EventCountry "GER"]
[SourceTitle "EXT 2015"]
[Source "ChessBase"]
[SourceDate "2014.11.20"]
[SourceVersion "1"]
[SourceVersionDate "2014.11.20"]
[SourceQuality "1"]
[WhiteTeam "Koenig Tegel II"]
[BlackTeam "Pankow Rotation"]
[WhiteTeamCountry "GER"]
[BlackTeamCountry "GER"]

1. d4 d5 2. Nf3 Nf6 3. c4 c6 4. Nc3 e6 5. g3 Bd6 6. Bg2 0-0 7. 0-0 Nbd7 8. Bf4 Bxf4 9. gxf4 dxc4 10. e3 Nd5 11. Qe2 b5 12. a4 Bb7 13. Ne4 f5 14. Nc5 Nxc5 15. dxc5 a6 16. Ne5 Qe7 17. Bxd5 exd5 18. Kh1 Qxc5 19. Rg1 Rae8 20. Qh5 Rxe5 21. fxe5 d4 22. exd4 Qxd4 23. Rad1 c5+ 24. f3 Qg4 25. Rxg4 Bxf3+ 26. Kg1 Bxg4 27. Qg5 Bxd1 28. axb5 axb5 29. Qe7 Bh5 30. Qxc5 Be8 31. h4 g6 32. Qe7 f4 33. Kf2 f3 34. e6 h6 35. Qd8 Kg7 36. Qe7+ Kg8 37. Qd8 Kg7 38. Qc7+ Kf6 39. Qd6 Kg7 40. Qe5+ Kg8 41. Qc7 Rf5 42. Qb7 Kf8 43. Qh7 Bf7 44. exf7 Rxf7 45. Qxg6 Ke7 46. Qxh6 Kd7 47. h5 b4 48. Qd2+ 1-0

[Event "Oberliga Nord O 1314"]
[Site "Germany"]
[Date "2013.11.20"]
[Round "3.2"]
[White "Friedrich, Wiede"]
[Black "Lorenz, Sascha"]
[Result "1/2-1/2"]
[WhiteElo "2259"]
[BlackElo "2273"]
[PlyCount "61"]
[EventDate "2013.10.13"]
[EventType "team-tourn"]
[EventRounds "9"]
[EventCountry "GER"]
[SourceTitle "EXT 2015"]
[Source "ChessBase"]
[SourceDate "2014.11.20"]
[SourceVersion "1"]
[SourceVersionDate "2014.11.20"]
[SourceQuality "1"]
[WhiteTeam "Potsdam USV"]
[BlackTeam "Koenig Tegel II"]
[WhiteTeamCountry "GER"]
[BlackTeamCountry "GER"]

1. d4 Nf6 2. c4 c5 3. d5 e6 4. Nf3 exd5 5. cxd5 d6 6. e4 a6 7. Bd3 g6 8. 0-0 Bg7 9. a4 0-0 10. Qb3 Re8 11. Nbd2 Nbd7 12. Nc4 Nxe4 13. Bxe4 Rxe4 14. Ng5 Rxc4 15. Qxc4 Ne5 16. Qb3 Bf5 17. Bd2 Bd3 18. Rfe1 h6 19. Nxf7 Kxf7 20. Rxe5 Bxe5 21. Qxd3 Qf6 22. Qh3 h5 23. Re1 Kg8 24. Bc3 Rf8 25. Qe3 Bxc3 26. bxc3 b5 27. f3 bxa4 28. Qd3 Qf5 29. Qxa6 Qxd5 30. Qxa4 Rf7 31. h3 1/2-1/2

[Event "Bayern-chI Bank Hofmann 17th"]
[Site "Bad Wiessee"]
[Date "2013.10.30"]
[Round "6"]
[White "Meins, Gerlef"]
[Black "Lorenz, Sascha"]
[Result "1-0"]
[WhiteElo "2448"]
[BlackElo "2273"]
[PlyCount "75"]
[EventDate "2013.10.26"]
[EventType "swiss"]
[EventRounds "9"]
[EventCountry "GER"]
[SourceTitle "EXT 2014"]
[Source "ChessBase"]
[SourceDate "2013.11.20"]
[SourceVersion "1"]
[SourceVersionDate "2013.11.20"]
[SourceQuality "1"]

1. d4 Nf6 2. c4 c5 3. d5 e6 4. Nc3 exd5 5. cxd5 d6 6. Nf3 g6 7. g3 Bg7 8. Bg2 0-0 9. 0-0 Re8 10. Bf4 a6 11. a4 Ne4 12. Nxe4 Rxe4 13. Nd2 Rb4 14. Ra2 Qe7 15. b3 Be5 16. Bxe5 Qxe5 17. Nc4 Qe7 18. e4 Nd7 19. f4 Nb6 20. Ne3 f5 21. a5 Nd7 22. e5 Rd4 23. Rd2 dxe5 24. fxe5 Rxd2 25. Qxd2 Qxe5 26. Nc4 Qd4+ 27. Qxd4 cxd4 28. Re1 Nf6 29. Nb6 Rb8 30. Re7 d3 31. Rc7 d2 32. Bf3 Bd7 33. Nxd7 Nxd7 34. Rxd7 Re8 35. Kf2 Re1 36. Rxb7 d1Q 37. Bxd1 Rxd1 38. b4 1-0